Wszyscy piłkarze powołani na Euro 2012 - Statystyki

Ogólne statystyki
  • Ten quiz został rozwiązany 80 razy
  • Średni wynik to 95 z 368
Statystyki odpowiedzi
Reprezentacja Numer Zawodnik % Poprawnych
Polska 1 Wojciech Szczęsny
95%
22 Przemysław Tytoń
93%
9 Robert Lewandowski
93%
16 Jakub Błaszczykowski
91%
20 Łukasz Piszczek
86%
7 Cristiano Ronaldo
84%
Hiszpania 1 Iker Casillas
83%
Włochy 1 Gianluigi Buffon
79%
10 Ludovic Obraniak
79%
Niemcy 1 Manuel Neuer
79%
2 Sebastian Boenisch
78%
6 Andres Iniesta
76%
3 Gerard Pique
76%
21 Kamil Grosicki
76%
15 Sergio Ramos
76%
Francja 1 Hugo Lloris
74%
Anglia 1 Joe Hart
74%
10 Luka Modrić
74%
16 Philipp Lahm
74%
8 Xavi
74%
11 Arjen Robben
72%
15 Damien Perquis
72%
7 Eugen Polanski
72%
3 Pepe
72%
Czechy 1 Petr Cech
72%
9 Fernando Torres
71%
10 Zlatan Ibrahimović
71%
3 Giorgio Chiellini
69%
5 Mats Hummels
69%
12 Rui Patricio
69%
10 Wayne Rooney
69%
8 Christian Eriksen
67%
21 Andrea Pirlo
66%
20 Jerome Boateng
66%
19 Leonardo Bonucci
66%
10 Lukas Podolski
66%
16 Robin van Persie
66%
13 Thomas Muller
66%
18 Toni Kroos
66%
21 David Silva
64%
16 Daniele de Rossi
62%
7 Ivan Rakitić
62%
10 Karim Benzema
62%
8 Maciej Rybus
62%
9 Mario Balotelli
62%
11 Miroslav Klose
62%
16 Sergio Busquets
62%
4 Steven Gerrard
62%
3 Ashley Cole
60%
17 Nani
60%
18 Jordi Alba
59%
13 Marcin Wasilewski
59%
9 Olivier Giroud
59%
14 Xabi Alonso
59%
23 Danijel Subasić
57%
22 Kasper Schmeichel
57%
17 Mario Mandzukić
57%
11 Rafał Murawski
57%
10 Tomas Rosicky
57%
7 Bastian Schweinsteiger
55%
23 Paweł Brożek
55%
10 Robbie Keane
55%
12 Victor Valdes
55%
10 Cesc Fabregas
53%
14 Jakub Wawrzyniak
53%
23 Mario Gomez
53%
8 Mesut Ozil
53%
15 Andrea Barzagli
52%
12 Grzegorz Sandomierski
52%
20 Ivan Perisić
52%
6 John Terry
52%
18 Luuk de Jong
52%
21 Marco Reus
52%
8 Nigel de Jong
52%
7 Pedro
52%
Holandia 1 Maarten Stekelenburg
50%
3 Patrice Evra
50%
10 Ricardo Quaresma
50%
10 Andrey Arshavin
48%
7 Andriy Shevchenko
48%
21 Domagoj Vida
48%
Rosja 1 Igor Akinfeev
48%
19 Mario Gotze
48%
5 Dariusz Dudka
47%
8 Joao Moutinho
47%
6 Sami Khedira
47%
16 Steve Mandanda
47%
10 Wesley Sneijder
47%
18 Adrian Mierzejewski
45%
21 Laurent Koscielny
45%
17 Alvaro Arbeloa
43%
11 Andriy Yarmolenko
43%
12 Blaise Matuidi
43%
8 Claudio Marchisio
43%
22 Danny Welbeck
43%
7 Franck Ribery
43%
6 Adam Matuszczyk
41%
11 Darijo Srna
41%
3 Grzegorz Wojtkowiak
40%
3 Simon Kjaer
40%
9 Andre Schurrle
38%
12 Andrey Pyatov
38%
17 Artur Sobiech
38%
13 Juan Mata
38%
23 Pepe Reina
38%
19 Rafał Wolski
38%
5 Fabio Coentrao
36%
4 John O'Shea
36%
17 Alan Dzagoev
34%
4 Anatoliy Tymoschuk
34%
11 Antonio Di Natale
34%
2 Bruno Alves
34%
14 Holger Badstuber
34%
8 Mathieu Valbuena
34%
17 Per Mertesacker
34%
18 Phil Jagielka
34%
19 Sokratis Papastathopoulos
34%
4 Benedikt Howedes
33%
2 Christian Poulsen
33%
22 Gael Clichy
33%
10 Giorgios Karagounis
33%
19 Jakob Poulsen
33%
16 James Milner
33%
22 Jesus Navas
33%
8 Jordan Henderson
33%
4 Marcin Kamiński
33%
14 Phil Jones
33%
23 Rafael van der Vaart
33%
5 Simon Busk Poulsen
33%
7 Dirk Kuyt
31%
2 Glen Johnson
31%
7 Ignazio Abate
31%
2 Ilkay Gundogan
31%
7 Sebastian Larsson
31%
4 Sergey Ignashevich
31%
Chorwacja 1 Stipe Pletikosa
31%
7 Theo Walcott
31%
22 Tim Krul
31%
5 Vedran Corluka
31%
12 Aleksei Berezutski
29%
7 Georgios Samaras
29%
3 Marcel Schmelzer
29%
15 Milan Baros
29%
11 Nicklas Bendtner
29%
11 Samir Nasri
29%
Szwecja 1 Andreas Isaksson
28%
13 Ricardo Costa
28%
20 Santi Cazorla
28%
Irlandia 1 Shay Given
28%
14 Dimitris Salpingidis
26%
23 Helder Postiga
26%
21 Joao Pereira
26%
7 Aiden McGeady
24%
5 Juanfran
24%
2 Raul Albiol
24%
18 Riccardo Montolivo
24%
11 Ashley Young
22%
15 Joleon Lescott
22%
6 Mark van Bommel
22%
2 Mathieu Debuchy
22%
19 Petr Jiracek
22%
16 Raul Meireles
22%
22 Ron-Robert Zieler
22%
19 Shane Long
22%
6 Yohan Cabaye
22%
18 Aleksandr Kokorin
21%
11 Alvaro Negredo
21%
2 Ivan Strinić
21%
13 Jonas Olsson
21%
9 Klaas-Jan Huntelaar
21%
15 Lars Bender
21%
12 Leighton Baines
21%
5 Martin Olsson
21%
12 Salvatore Sirigu
21%
17 Stephen Hunt
21%
4 Adil Rami
19%
11 Damien Duff
19%
Portugalia 1 | 22 Eduardo
19%
19 Fernando Llorente
19%
9 Hugo Almeida
19%
21 Jermain Defoe
19%
3 Johnny Heitinga
19%
2 Theodor Gebre Selassie
19%
20 Alex Oxlade-Chamberlain
17%
4 Andreas Granqvist
17%
10 Antonio Cassano
17%
15 Florent Malouda
17%
4 Miguel Veloso
17%
17 Theofanis Gekas
17%
11 Alexander Kerzhakov
16%
8 Avraam Papadopoulos
16%
22 Beto
16%
2 Gregory van der Viel
16%
11 Konstantinos Mitroglou
16%
5 Kyriakos Papadopoulos
16%
19 Marvin Martin
16%
3 Olof Mellberg
16%
15 Sime Vrsaljko
16%
5 Thiago Motta
16%
12 Tim Wiese
16%
20 Yaroslav Rakitskiy
16%
5 Yuri Zhirkov
16%
4 Javi Martinez
14%
14 Jeremy Menez
14%
9 Michael Krohn-Dehli
14%
2 Mikael Lustig
14%
14 Morgan de Sanctis
14%
9 Nikica Jelavić
14%
7 Tomas Necid
14%
22 Vladimir Darida
14%
22 Alessandro Diamanti
12%
4 Daniel Agger
12%
14 Jonathan Walters
12%
20 Ola Toivonen
12%
13 Ron Vlaar
12%
Dania 1 Stephan Andersen
12%
14 Vaclav Pilar
12%
16 Vyacheslav Malafeev
12%
9 Andy Caroll
10%
6 Danijel Pranjić
10%
15 Dmitriy Kombarov
10%
23 Jack Butland
10%
13 Jaroslav Plasil
10%
Grecja 1 Konstantinos Chalkias
10%
21 Kostas Katsouranis
10%
5 Philippe Mexes
10%
14 Rolando
10%
20 Tomas Pekhart
10%
18 Alou Diarra
9%
4 Angelo Ogbonna
9%
22 Denis Glushakov
9%
6 Glenn Whelan
9%
20 Ibrahim Afellay
9%
20 Jose Holebas
9%
9 Kim Kallstrom
9%
12 Michel Vorm
9%
19 Miguel Lopes
9%
19 Niko Kranjcar
9%
18 Nikola Kalinić
9%
14 Roman Pavlyuchenko
9%
6 Roman Shirokov
9%
14 Ruslan Rotan
9%
19 Stewart Downing
9%
18 Varela
9%
7 William Kvist
9%
18 Daniel Kolar
7%
6 Federico Balzaretti
7%
2 Giannis Maniatis
7%
7 Igor Denisov
7%
17 Kevin Strootman
7%
4 Marek Suchy
7%
3 Michal Kadlec
7%
14 Milan Badelj
7%
11 Nelson Oliveira
7%
20 Sebastian Giovinco
7%
16 Anders Lindegaard
5%
10 Andrei Voronin
5%
23 Antonio Nocerino
5%
18 Daniel Wass
5%
21 David Lafata
5%
10 Dennis Rommedahl
5%
17 Fabio Borini
5%
22 James McClean
5%
4 Joris Mathijsen
5%
3 Josip Simunić
5%
6 Lars Jacobsen
5%
Ukraina 1 Maxim Koval
5%
21 Paul Green
5%
20 Pavel Pogrebnyak
5%
13 Robert Green
5%
18 Sotirios Ninis
5%
3 Stephen Ward
5%
6 Tomas Sivok
5%
15 Vasilios Torosidis
5%
19 Vladimir Granat
5%
19 Yevhen Konopylanka
5%
5 Alexander Kucher
3%
8 Anders Svensson
3%
13 Anthony Reveillere
3%
13 Anton Shunin
3%
23 Cedric Carrasso
3%
2 Christian Maggio
3%
8 David Limbersky
3%
6 Denis Garmash
3%
20 Hatem Ben Arfa
3%
23 Jaroslav Drobny
3%
15 Jetro Willems
3%
11 Johan Elmander
3%
22 Konstantinos Fortounis
3%
5 Martin Kelly
3%
13 Michalis Sifakis
3%
9 Oleg Gusev
3%
6 Rasmus Elm
3%
5 Richard Dunne
3%
17 Scott Parker
3%
2 Sean St. Ledger
3%
12 Stephen Kelly
3%
13 Vyacheslav Shevchuk
3%
2 Aleksandr Anyukov
2%
12 Alexandros Tzorvas
2%
18 Darren O'Dea
2%
13 Emanuele Giaccherini
2%
2 Evgeni Selin
2%
12 Frantisek Rajtoral
2%
23 Giannis Fetfatzidis
2%
3 Giorgos Tzavellas
2%
13 Gordon Schildenfeld
2%
20 Hugo Viana
2%
23 Igor Semshov
2%
16 Jan Lastuvka
2%
9 Jan Rezek
2%
4 Jurica Buljat
2%
9 Kevin Doyle
2%
8 Konstantin Zyryanov
2%
14 Lasse Schone
2%
19 Luciano Narsingh
2%
22 Marko Dević
2%
22 Markus Rosenberg
2%
8 Ognjen Vukojević
2%
16 Pontus Wernbloom
2%
5 Roman Hubnik
2%
17 Tomas Hubschman
2%
5 Wilfried Bouma
2%
17 Yann M'Vila
2%
3 Yevhen Khacheridi
2%
23 Aleksandr Goryainov
0%
12 Andreas Bjelland
0%
15 Artem Milevskiy
0%
17 Behrang Safari
0%
21 Bogdan Butko
0%
21 Christian Wilhelmsson
0%
6 Custodio
0%
15 Darron Gibson
0%
23 David Forde
0%
19 Emir Bajrami
0%
16 Evgeni Seleznev
0%
16 Georgios Fotakis
0%
6 Grigoris Makos
0%
12 Ivan Kelava
0%
12 Johan Wiland
0%
13 Jores Okore
0%
16 Keiren Westwood
0%
8 Keith Andrews
0%
21 Khalid Boulahrouz
0%
21 Kirill Nababkin
0%
9 Marat Izmailov
0%
15 Michael Silberbauer
0%
15 Mikael Antonsson
0%
11 Milan Petrzela
0%
17 Nicklas Pedersen
0%
21 Niki Zimling
0%
9 Nikos Liberopoulos
0%
8 Oleksandr Aliyev
0%
23 Par Hansson
0%
13 Paul McShane
0%
3 Roman Sharonov
0%
15 Ruben Micael
0%
18 Samuel Holmen
0%
18 Sergey Nazarenko
0%
20 Simon Cox
0%
4 Stelianos Malezas
0%
14 Stijn Schaars
0%
17 Taras Mikhalik
0%
20 Thomas Kahlenberg
0%
14 Tobias Hysen
0%
23 Tobias Mikkelsen
0%
16 Tomislav Dujmović
0%
Nie znaleziono quizów pasujących do podanych kryteriów
Rozkład punktacji
Procent ludzi z każdym wynikiem
Percentyl według liczby udzielonych odpowiedzi
Twoja historia wyników
Nie rozwiązałeś tego quizu